Statistics for Countries Fivio Foreign has Visited

Click here to take the quiz!

General Stats

  • This quiz has been taken 6 times
  • The average score is 8 of 9

Answer Stats

ContinentCountry% Correct
EuropeFrance
100%
EuropeGermany
100%
EuropeUnited Kingdom
100%
EuropeBelgium
83%
EuropeNetherlands
83%
EuropePortugal
83%
EuropeSwitzerland
83%
North AmericaUnited States of America
83%
EuropePoland
67%

Score Distribution

Percentile by Number Answered

Percent of People with Each Score

Your Score History

You have not taken this quiz